000 00476nam a2200133Ia 4500
008 100328s9999 xx 000 0 und d
082 _b33983
100 _aफुले महात्मा ज्योतिराव
245 _aब्राह्मणांचे कसब
260 _bगजानन बुक डेपो
630 _aब्राह्मणांचे कसब
730 _aब्राह्मणांचे कसब
942 _cBOOK
999 _c524270
_d524267